التربية على المواطنية و كيفية تطبيقها في الحلقتين الثانية والثالثة من مناهج التعليم الاساسي (Record no. 21327)
[ view plain ]
| 000 -LEADER | |
|---|---|
| fixed length control field | 04275nam a2200253Ia 4500 |
| 008 - FIXED-LENGTH DATA ELEMENTS--GENERAL INFORMATION | |
| fixed length control field | 180910s9999 xx 000 0 und d |
| 100 1# - MAIN ENTRY--PERSONAL NAME | |
| Personal name | الكسرواني، منيرة |
| Miscellaneous information | ماستر ادارة تربوية |
| 245 10 - TITLE STATEMENT | |
| Title | التربية على المواطنية و كيفية تطبيقها في الحلقتين الثانية والثالثة من مناهج التعليم الاساسي |
| 260 ## - PUBLICATION, DISTRIBUTION, ETC. | |
| Place of publication, distribution, etc. | بيروت |
| Name of publisher, distributor, etc. | جامعة الروح القدس - الكسليك (لبنان) - كلية الفلسفة والعلوم الانسانية |
| Date of publication, distribution, etc. | 2011 |
| 300 ## - PHYSICAL DESCRIPTION | |
| Extent | 149 pages |
| 500 ## - GENERAL NOTE | |
| General note | النوع : رسالة |
| 520 3# - SUMMARY, ETC. | |
| Summary, etc. | تهدف هذه الدراسة إلى التأكد من مدى اكتساب المواقف السلوكية السوّية، المبنيّة على القناعة الذاتية والالتزامات الوطنية، والمدنّية والاجتماعية والأخلاقية لبناء مواطن الغد. لذا فقد عمدت إلى دراسة وتحليل محتوى ومضمون كتب التربية الوطنية والتنشئة المدنية في المرحلتين الإبتدائية والمتوسطة، وذلك بهدف إظهار مدى تطبيق واستخدام مفاهيم المواطنية الصحيحة في غرفة الصف من قبل المعلمين والمتعلمين على السواء، وتحديد المفاهيم المختلفة للمواطنية المعاصرة المعتمدة لدى العديد من المفكرين، محاولة إظهار النقاط المشتركة فيما بينها لتكون جزءا مشتركا يمكن البناء عليه لاكتساب المواطنية الحقّة. أما بالنسبة إلى المنهجية المتبعة في هذه الدراسة فهي تقوم على التدقيق في الوصف والتحليل والبحث الميداني من خلال الملاحظة اليومية لسلوك المتعلمين المدني، بالإضافة إلى البحث الوصفي وذلك لوصف هذه المادة ومفاهيمها ومضمونها ودراسة المناهج التربوية، والمنهج التحليلي الذي يقوم على تحليل المعلومات والمعطيات. أما أدوات الدراسة فقد اشتملت على ثلاث مجموعات من الاستمارات طالت الأهل والمتعلّم والمعلّم، حيث تمّ اختيار عينة عشوائية لخمس مدارس كاثوليكية بلغت 110 أشخاص. بيّنت نتائج التحليل ما يلي: 1) إن مضمون مادة التربية الوطنية مناسبة لعمر الطفل وحاجاته، فالمشكلة لا تكمن في المضمون بل في كيفية التطبيق وفي الأساليب والطرق المتبعة. 2) ضرورة تدريب معلّمي مادة التربية الوطنية على استخدام تقنيات واستراتيجيات تربوية حديثة، مع العلم أنّ الأغلبية ليست متخصصة في مجال التربية الوطنية. 3) كما تبيّن أن دور الأهل مع المؤسسة التربوية ضعيف عند البعض مما ينعكس سلبا على تربية التلميذ، فهناك ثغرات ونقص في التعاون مع الإدارة. ختمت هذه الدراسة بالتركيز على دور المؤسسات الأهلية والاجتماعية والإعلامية في تحقيق المفاهيم المواطنية، فهم الدور المساعد والمتكامل مع دور المدرسة والأهل. |
| 650 #4 - SUBJECT ADDED ENTRY--TOPICAL TERM | |
| Topical term or geographic name entry element | التربية المواطنية |
| 650 #4 - SUBJECT ADDED ENTRY--TOPICAL TERM | |
| Topical term or geographic name entry element | Basic Education |
| 650 #4 - SUBJECT ADDED ENTRY--TOPICAL TERM | |
| Topical term or geographic name entry element | Citizenship education |
| 650 #4 - SUBJECT ADDED ENTRY--TOPICAL TERM | |
| Topical term or geographic name entry element | Education à la citoyenneté |
| 650 #4 - SUBJECT ADDED ENTRY--TOPICAL TERM | |
| Topical term or geographic name entry element | Enseignement de base |
| 650 #4 - SUBJECT ADDED ENTRY--TOPICAL TERM | |
| Topical term or geographic name entry element | Méthodes d’enseignement |
| 650 #4 - SUBJECT ADDED ENTRY--TOPICAL TERM | |
| Topical term or geographic name entry element | Teaching Methods |
| 650 #4 - SUBJECT ADDED ENTRY--TOPICAL TERM | |
| Topical term or geographic name entry element | التعليم الأساسي |
| 650 #4 - SUBJECT ADDED ENTRY--TOPICAL TERM | |
| Topical term or geographic name entry element | طرق التعليم |
| 856 ## - ELECTRONIC LOCATION AND ACCESS | |
| Uniform Resource Identifier | <a href="http://sierra.usek.edu.lb/search?/X{u0627}{u0644}{u062A}{u0639}{u0644}{u064A}{u0645}&SORT=D/X{u0627}{u0644}{u062A}{u0639}{u0644}{u064A}{u0645}&SORT=D&SUBKEY=%D8%A7%D9%84%D8%AA%D8%B9%D9%84%D9%8A%D9%85/1%2C610%2C610%2CB/frameset&FF=X{u0627}{u0644}{u062A}{u0">http://sierra.usek.edu.lb/search?/X{u0627}{u0644}{u062A}{u0639}{u0644}{u064A}{u0645}&SORT=D/X{u0627}{u0644}{u062A}{u0639}{u0644}{u064A}{u0645}&SORT=D&SUBKEY=%D8%A7%D9%84%D8%AA%D8%B9%D9%84%D9%8A%D9%85/1%2C610%2C610%2CB/frameset&FF=X{u0627}{u0644}{u062A}{u0</a> |
| 942 ## - ADDED ENTRY ELEMENTS (KOHA) | |
| Koha item type | بيانات الهيئة اللبنانية للعلوم التربوية |
No items available.